Calculus: (Record no. 22984)

MARC details
000 -LEADER
fixed length control field 00600nam a22002177a 4500
003 - CONTROL NUMBER IDENTIFIER
control field KenMUT
005 - DATE AND TIME OF LATEST TRANSACTION
control field 20260330123609.0
008 - FIXED-LENGTH DATA ELEMENTS--GENERAL INFORMATION
fixed length control field 250715b |||||||| |||| 00| 0 eng d
020 ## - INTERNATIONAL STANDARD BOOK NUMBER
International Standard Book Number 9780321549280
020 ## - INTERNATIONAL STANDARD BOOK NUMBER
International Standard Book Number 0321549287
040 ## - CATALOGING SOURCE
Transcribing agency MUT
050 ## - LIBRARY OF CONGRESS CALL NUMBER
Classification number QA 303.2
Item number .A33 2010
100 ## - MAIN ENTRY--PERSONAL NAME
Personal name Adams, Robert A.
245 ## - TITLE STATEMENT
Title Calculus:
Remainder of title a complete course/
250 ## - EDITION STATEMENT
Edition statement 7th. ed.
260 ## - PUBLICATION, DISTRIBUTION, ETC.
Place of publication, distribution, etc. Toronto Canada
Name of publisher, distributor, etc. Pearson
Date of publication, distribution, etc. 2010
583 ## - ACTION NOTE
Action Cataloguing:
Time/date of action 20260330
Action agent 564564
650 ## - SUBJECT ADDED ENTRY--TOPICAL TERM
Topical term or geographic name entry element Calculus
Form subdivision Textbook
700 ## - ADDED ENTRY--PERSONAL NAME
Personal name Essex, Christopher
942 ## - ADDED ENTRY ELEMENTS (KOHA)
Source of classification or shelving scheme Library of Congress Classification
Koha item type Books
Suppress in OPAC No
Holdings
Withdrawn status Lost status Source of classification or shelving scheme Damaged status Not for loan Home library Current library Shelving location Date acquired Source of acquisition Total checkouts Full call number Barcode Date last seen Price effective from Koha item type
    Library of Congress Classification     Murang'a University of Technology Library Murang'a University of Technology Library General stacks 15/07/2025 Donation-TFC   QA 303.2 .A33 2010 031969 15/07/2025 15/07/2025 Books
    Library of Congress Classification     Murang'a University of Technology Library Murang'a University of Technology Library General stacks 30/03/2026 Donation-TFC   QA 303.2 .A33 2010 032498 30/03/2026 30/03/2026 Books